R v Central VO and another ex p Edison First Power Ltd (Record no. 72617)

MARC details
000 -LEADER
fixed length control field 01690cam a2200229 4500
001 - CONTROL NUMBER
control field ABS66639
008 - FIXED-LENGTH DATA ELEMENTS--GENERAL INFORMATION
fixed length control field 030502n2003 000 0 eng u
035 ## - SYSTEM CONTROL NUMBER
System control number (Sirsi) u122180
245 ## - TITLE STATEMENT
Title R v Central VO and another ex p Edison First Power Ltd
260 ## - PUBLICATION, DISTRIBUTION, ETC.
Date of publication, distribution, etc. 2003
490 ## - SERIES STATEMENT
Series statement Estates Gazette Case Summaries
Volume/sequential designation [2003] 16 EG 01 (CS) (1)
520 ## - SUMMARY, ETC.
Summary, etc. [2003] UKHL 20. Appellant E purchased two power stations in 1999 from Powergen. Powergen as an electricity generator was centrally rated en bloc in accordance with the Electricity Supply (Rateable Values) Order 1994 under which it paid a fixed sum per year depending on its fixed capacity. E paid Powergen £13.4m in respect of its liability for rates in 1999-2000 rating year. E was charged local rates under the Local Government Finance Act 1988 assessed on annual value of power stations for the period of completion in July 1999 until end of March 2000. E's claim that it had been subject to double taxation and its application to quash 1994 Order was dismissed (QBD Abs63769) and on appeal by CA ([2001] EWCA Civ 1096 [2001] RA 229). HL held that the 1994 Order should stand. Appeal dismissed. View judgment at www.parliament.the-stationery-office.co.uk.
590 ## - LOCAL NOTE (RLIN)
Local note ABS
650 ## - SUBJECT ADDED ENTRY--TOPICAL TERM
Topical term or geographic name entry element R V CENTRAL VO EX P EDISON FIRST POWER LTD
650 ## - SUBJECT ADDED ENTRY--TOPICAL TERM
Topical term or geographic name entry element POWER STATIONS
650 ## - SUBJECT ADDED ENTRY--TOPICAL TERM
Topical term or geographic name entry element DOUBLE ASSESSMENT
650 ## - SUBJECT ADDED ENTRY--TOPICAL TERM
Topical term or geographic name entry element ELECTRICITY SUPPLY INDUSTRY (RATEABLE VALUES) ORDER 1994
650 ## - SUBJECT ADDED ENTRY--TOPICAL TERM
Topical term or geographic name entry element LOCAL GOVERNMENT FINANCE ACT 1988
690 ## - LOCAL SUBJECT ADDED ENTRY--TOPICAL TERM (OCLC, RLIN)
Topical term or geographic name as entry element RATING AND LOCAL TAXATION-CASE LAW
856 ## - ELECTRONIC LOCATION AND ACCESS
Uniform Resource Identifier <a href="https://www.parliament.the-stationery-office.co.uk/pa/ld200203/ldjudgmt/jd030410/edison-1.htm">https://www.parliament.the-stationery-office.co.uk/pa/ld200203/ldjudgmt/jd030410/edison-1.htm</a>
Public note View judgment on UK Parliament website.
942 ## - ADDED ENTRY ELEMENTS (KOHA)
Suppress in OPAC 0
Holdings
Withdrawn status Lost status Source of classification or shelving scheme Damaged status Not for loan Home library Current library Shelving location Date acquired Total Checkouts Full call number Barcode Date last seen Copy number Price effective from Koha item type
    Dewey Decimal Classification     London London Journal article 02/05/2003   ABS66639 122180-1001 06/08/2019 1 06/08/2019 Law report